Iskolakultúra. - 19. évf. (2009) 9. sz. melléklet

Elmentve itt :
Bibliográfiai részletek
Dokumentumtípus: Folyóirat
Megjelent: 2009
Sorozat:Iskolakultúra 19 No. 9
Online Access:http://misc.bibl.u-szeged.hu/45374
LEADER 00494nas a2200145 i 4500
001 misc45374
005 20191106140613.0
008 180828s2009 hu o 0|| zxx d
022 |a 1215-5233 
040 |a SZTE Miscellanea Repozitórium  |b hun 
041 |a zxx 
245 0 0 |a Iskolakultúra. - 19. évf. (2009) 9. sz. melléklet  |h [elektronikus dokumentum] 
260 |c 2009 
490 0 |a Iskolakultúra  |v 19 No. 9 
856 4 0 |u http://misc.bibl.u-szeged.hu/45374/1/iskolakultura_2009_009_mell1.pdf  |z Dokumentum-elérés